000 01056nam a2200301 i 4500
001 197033
003 ES-MaACL
005 20250720063115.0
007 ta
008 250314s2025 sp ||||| |||| 00| 0 spa d
017 _aM 2274-2025
_bOficina Depóstilo Legal Madrid
020 _a978432169793
_qEdición impresa
040 _bspa
_cES-MaACL
_dES-MaACL
100 1 _aFernández Abril, María
_eaut
_9239831
245 _aCuentos tradicionales /
_cMaría Fernández Abril
260 _aMadrid :
_bEdiciones Rialp,
_c2025.
300 _a80 páginas ;
_c17 cm.
336 _2rdacontent
_atexto
337 _2rdamedia
_asin mediación
338 _2rdacarrier
_avolumen
490 1 _aAdonáis ;
_v697
655 7 _2tgfbne
_9176539
_aPoesías
852 _aES-MaACL
_cDEPO2
_jJ-23-697
_xEncuadernación rústica
_9206243
_hDonación: Editorial
942 _n0
_cMONOGRAFIA
999 _c197033
_d197033